Digitalization and Its Impact on International Trade
Aby sa využil plný potenciál digitalizácie, je potrebná medzinárodná spolupráca, investícia do digitálnej infraštruktúry a vytváranie inkluzívnych politík. Vďaka podpore týchto troch premenných, môžu krajiny využiť silu digitalizácie na podporu globálneho obchodu a ekonomického rozvoja. Digitálne te...
Enregistré dans:
| Auteur principal: | |
|---|---|
| Format: | Chapitre de livre |
| Langue: | anglais |
| Sujets: | |
| Tags: |
Pas de tags, Soyez le premier à ajouter un tag!
|
MARC
| LEADER | 00000naa$a2200000$$$4500 | ||
|---|---|---|---|
| 001 | 0307973 | ||
| 005 | 20250403120927.1 | ||
| 041 | 0 | |a eng | |
| 044 | |a US | ||
| 245 | 1 | 0 | |a Digitalization and Its Impact on International Trade |c Zuzana Brinčíková |
| 520 | |a Aby sa využil plný potenciál digitalizácie, je potrebná medzinárodná spolupráca, investícia do digitálnej infraštruktúry a vytváranie inkluzívnych politík. Vďaka podpore týchto troch premenných, môžu krajiny využiť silu digitalizácie na podporu globálneho obchodu a ekonomického rozvoja. Digitálne technológie sú prísľubom toho, že medzinárodný obchod bude inkluzívnejší, odolnejší a dynamickejší, ale úspech závisí od krokov prijatých vládou, podnikmi a medzinárodnými organizáciami na vytvorenie prostredia umožňujúceho rozvoj digitálneho obchodu. | ||
| 610 | 2 | 0 | |a digitalizácia |
| 610 | 2 | 0 | |a obchod elektronický |
| 610 | 2 | 0 | |a obchod medzinárodný |
| 610 | 2 | 0 | |a globalizácia hospodárstva |
| 610 | 2 | 0 | |a služby digitálne |
| 610 | 2 | 0 | |a technológie nové |
| 610 | 2 | 0 | |a regulácia |
| 610 | 2 | 0 | |a infraštruktúra informačná |
| 100 | 1 | |a Brinčíková, Zuzana, 1979- | |